000 00853nmm a2200277 a 4500
001 ocm0002015388
003 TR-IsHL
005 20201028175412.0
008 181027s2014 tu tur
007 cr cn
020 _a9786055988937
035 _a2015388
_b(N$T)
050 0 4 _aPL248.D45
_bY8 2014
090 0 4 _aPL248.D45
_bY8 2014
100 1 _aDemir, Büşra
245 1 0 _aYüreklerin göçü
_h[electronic resource] /
_cBüşra Demir
250 _a1. Baskı
260 _aAnkara :
_bBengü Yayınları,
_c2014
300 _a70 p.
650 4 _aDil ve Edebiyat
650 4 _aLanguage and Literature
650 0 _aTürk hikâyeleri
650 0 _aTurkish stories
650 7 _aLITERARY COLLECTIONS / Middle Eastern
_2bisacsh
856 4 0 _uhttp://search.ebscohost.com/login.aspx?direct=true&scope=site&db=e011xww&AN=2015388
999 _c18654
_d18654